000 00414pab a2200157 454500
008 180718b1998 xxu||||| |||| 00| 0 eng d
100 _aDore, Ronald
245 _aAsian crisis and the future of the Japanese model
260 _c1998
300 _ap.773-87
362 _aNov
650 _aEconomic recession - Asia
650 _aEconomic recession
773 _aCambridge Journal of Economics
909 _a39764
999 _c39764
_d39764